La sociedad neoliberal /

Las profundas transformaciones políticas y culturales que trajo aparejado el neoliberalismo. El universo del trabajo y los grandes centros urbanos nacionales.

Guardado en:
Autor Principal: Mignona, Sebastián
Autor Corporativo: Canal Encuentro.
Otros Autores: Palomino, Juan; Voz en off.
Formato: Deslizar
Publicado: Argentina, 2009
Series:Historia De Un País, Argentina Siglo XX
Materias:
Acceso en línea:https://www.educ.ar/recursos/100387/la-sociedad-neoliberal
Etiquetas: Agregar Etiqueta
Sin Etiquetas, Sea el primero en etiquetar este registro!
LEADER 01228ngm a22003255g 4500
001 CEM.cems023154
008 130507s2009##################0###0#####d
005 20241216181426.0
245 1 0 |a La sociedad neoliberal /  |c Sebastián Mignona. 
260 |a Argentina,  |c 2009 
300 |a 30'. 
490 0 |a Historia De Un País, Argentina Siglo XX 
500 |a Consultar en ventanilla. 
520 |a Las profundas transformaciones políticas y culturales que trajo aparejado el neoliberalismo. El universo del trabajo y los grandes centros urbanos nacionales. 
538 |a Soporte: DVD - Color: Si - Grabación DRD 
590 |a Identificación anterior registrada en SIABUC: DVD Nº48C 
100 1 |a Mignona, Sebastián 
700 1 |a Palomino, Juan; Voz en off. 
710 2 |a Canal Encuentro. 
082 9 8 |/ MIG-3 
653 |a HISTORIA 
653 |a HISTORIA ARGENTINA 
653 |a HISTORIA ARGENTINA CONTEMPORÁNEA 
653 |a MENEMISMO 
653 |a NEOLIBERALISMO 
653 |a NIVEL PRIMARIO 
653 |a NIVEL SECUNDARIO 
653 |a SERIE DE TELEVISIÓN 
856 |u https://www.educ.ar/recursos/100387/la-sociedad-neoliberal 
859 |a CEMS  |b BIB. CEMS - Depto. Recursos Didacticos  |h 982  |i MIG-3  |k DRD  |p 1797.13  |t Ej.1